000 03632nam a22005177a 4500
001 B-265799-818
003 dpl
005 20080716114521.0
008 080530t xxu||||| |||| 00| 0 eng d
010 _aB-265799-818
020 _a0340893176
_c60.00
035 _aB-265799-818
037 _bBlue Berry
040 _aDPL
_bEN
082 _aS
100 _aBlyton, Enid
245 _aSecret seven fireworks /
_cby Enid Blyton
260 _aLondon
_bHodder Headline
_c2004
270 _bNew York
300 _a151p.
_c18 cm (Hb)
490 _aThe secret seven 11
942 _2ddc
_cCH
_hS
_mBLY
999 _c13164
_d13164